| 000 | 01006nam a2200265 u 4500 | ||
|---|---|---|---|
| 001 | 000023549 | ||
| 005 | 20200930022311.0 | ||
| 008 | 101213s1978 mx r 000 0 spa d | ||
| 020 | _a968230282X | ||
| 040 |
_aDO-SdBNP _bspa _cBNPHU |
||
| 082 |
_a335.43 _bL579n, 1978 |
||
| 100 | 1 |
_aLeón, Trotski, _c1879-1940. _948541 |
|
| 245 | 1 | 0 |
_aEl nuevo curso : _bproblemas de la vida cotidiana / _cLeón Trotsky ; traducción María Teresa Poyrazián , Mónica Virasoro y Oscar Terán. |
| 250 | _a3a edición corregida y aumentada | ||
| 260 |
_aMéxico, D.F : _bSiglo XXI , _c1978. |
||
| 300 |
_a204 p. ; _c21 cm. |
||
| 490 | 1 |
_aCuadernos de pasado y presente _v27 |
|
| 500 | _aIncluye referencias bibliográficas y notas al pie de las páginas | ||
| 700 | 1 | 2 |
_aPoyrazián, María Teresa _etr. _948542 |
| 700 | 1 | 2 |
_aVirasoro, Mónica _etr. _948543 |
| 700 | 1 | 2 |
_aTerán, Oscar _etr. _931786 |
| 830 | 0 |
_aCuadernos de pasado y presente ; _v27 _948544 |
|
| 910 | _aValidado. Control de calidad MFF | ||
| 049 | _aBNGR | ||
| 999 |
_c23045 _d23045 |
||